000 00421nam a22001697a 4500
003 CEME
005 20210628203635.0
008 210317b xxu||||| |||| 00| 0 eng d
020 _a81-7224-004-X
040 _c.
082 _a603 JAI'J
100 _aJaieo
_966635
245 _aJaieo illustrated encyclopedia of technical terms vol-1 (a to k)
260 _aBOMBAY
_bJAEIO
_c1991
300 _a264P
942 _cBK
_2ddc
999 _c574594
_d574594